U.S. Presidential Trivia #3 - Statistics

General Stats
  • This quiz has been taken 10,305 times
  • The average score is 13 of 20
Answer Stats
Clue President % Correct
Bought Louisiana Territory from France Thomas Jefferson
89%
President when the Great Depression started Herbert Hoover
85%
Lived to age 100 Jimmy Carter
85%
Some say his initials stood for "unconditional surrender" Ulysses S. Grant
83%
Personally shot 8 elephants Theodore Roosevelt
82%
Promised to keep the U.S. out of WWI Woodrow Wilson
80%
Spent a very cold winter at Valley Forge George Washington
79%
His parents were John and Abigail John Quincy Adams
79%
Practiced law in Springfield, Illinois Abraham Lincoln
74%
Normalized relations with China Richard Nixon
74%
Won reelection with every state except Minnesota Ronald Reagan
73%
His farewell speech warned about the military-industrial complex Dwight Eisenhower
63%
Forced to flee the White House by advancing British troops James Madison
61%
Often considered the worst President for failing to prevent the Civil War James Buchanan
60%
Nominated in 1920 in a "smoke-filled room" Warren Harding
54%
His last name is a major city on the Great Lakes Grover Cleveland
49%
Added more territory than any other President, including Texas and California James K. Polk
43%
Hero of the Battle of Tippecanoe William Henry Harrison
39%
President during the "Era of Good Feelings" James Monroe
36%
Was, at first, considered a mere catspaw of Roscoe Conkling's "Stalwart" faction Chester A. Arthur
18%
No matching quizzes found
Score Distribution
Percent of People with Each Score
Percentile by Number Answered
Your Score History
You have not taken this quiz